|
|
|
|
| LEADER |
00000nam0a2200000 4500 |
| 001 |
168662 |
| 005 |
20231031163154.0 |
| 010 |
|
|
|a 9785170605743
|
| 010 |
|
|
|a 978-5-403-02155-5
|
| 035 |
|
|
|a (RuTPU)RU\TPU\book\182978
|
| 090 |
|
|
|a 168662
|
| 100 |
|
|
|a 20091030d2010 m y0rusy50 ca
|
| 101 |
1 |
|
|a rus
|c eng
|
| 102 |
|
|
|a RU
|
| 105 |
|
|
|a y z 000ay
|
| 200 |
1 |
|
|a Апелляция
|e роман
|e пер. с англ.
|f Д. Гришэм
|
| 210 |
|
|
|a Москва
|c АСТ
|c АСТ Москва
|d 2010
|
| 215 |
|
|
|a 415 с.
|
| 330 |
|
|
|a Миллиардер Карл Трюдо не раз успешно проворачивал крупные аферы на Уолл-стрит. Но сейчас ему предстоит почти невозможное — переиграть Верховный суд штата Миссисипи. Против него - едва ли не все жители маленького городка, которых буквально травит принадлежащая ему химическая фабрика. Уже вынесен вердикт присяжных, заключивших, что именно Трюдо повинен в болезнях сотен горожан и гибели нескольких из них. Однако любой вердикт может быть оспорен, и любое, даже самое, казалось бы, безнадежное дело может быть выиграно, считает Трюдо, Деньги и связи решают все. Ради спасения своей империи он готов пойти ва-банк — подать апелляцию. И на сей раз магнат уверен: присяжные будут играть по его правилам.
|
| 610 |
1 |
|
|a американская литература
|
| 610 |
1 |
|
|a романы
|
| 610 |
1 |
|
|a приключения
|
| 610 |
1 |
|
|a детективы
|
| 675 |
|
|
|a 82
|v 3
|
| 700 |
|
1 |
|a Гришэм
|b Д.
|g Джон
|
| 801 |
|
1 |
|a RU
|b 63413507
|c 20091030
|
| 801 |
|
2 |
|a RU
|b 63413507
|c 20091112
|g RCR
|
| 942 |
|
|
|c BK
|